Textbook of Forensic Medicine and Toxicology / (Record no. 26041)

MARC details
000 -LEADER
fixed length control field 00541nam a22001937a 4500
005 - DATE AND TIME OF LATEST TRANSACTION
control field 20240724100614.0
008 - FIXED-LENGTH DATA ELEMENTS--GENERAL INFORMATION
fixed length control field 230718b |||||||| |||| 00| 0 eng d
020 ## - INTERNATIONAL STANDARD BOOK NUMBER
ISBN 9788184487060
082 ## - DEWEY DECIMAL CLASSIFICATION NUMBER
Classification number 614.1
Item number RAO-T
100 ## - MAIN ENTRY--AUTHOR
Author Name Rao, Negeshkumar G
245 ## - TITLE STATEMENT
Title Textbook of Forensic Medicine and Toxicology /
Statement of responsibility, etc. Rao, Negeshkumar G
250 ## - EDITION STATEMENT
Edition statement 2nd ed.
260 ## - PUBLICATION, DISTRIBUTION, ETC.
Place of Publication India :
Name of publisher, distributor, etc. Jaypee Bro :
Date of publication, distribution, etc. 2010
300 ## - PHYSICAL DESCRIPTION
Pages 610P.
500 ## - GENERAL NOTE
General note Include Index.
650 ## - SUBJECT ADDED ENTRY--TOPICAL TERM
Subject / Department Medical / Medicine
700 ## - ADDED ENTRY--PERSONAL NAME
Personal name Rao, Negeshkumar G
300 ## - PHYSICAL DESCRIPTION
-- ILL;
-- 27 cm.
952 ## - LOCATION AND ITEM INFORMATION (KOHA)
-- 0
-- 0
952 ## - LOCATION AND ITEM INFORMATION (KOHA)
-- 0
-- 0
Holdings
Lost status Damaged status Collection code Permanent Location Current Location Shelving Location Date acquired Full Call Number Accession No./Barcode Date last seen Copy number item type Koha item type
    Medical Superior Information Resource Center (SIRC) Superior University- Main Campus Superior Information Resource Center (SIRC) Superior University- Main Campus Medicine 07/18/2023 614.1 RAO-T 2010 20173 01/20/2026 1 BOOK BOOK
    Medical Superior Information Resource Center (SIRC) Superior University- Main Campus Superior Information Resource Center (SIRC) Superior University- Main Campus Medicine 07/24/2024 614.1 RAO-T 2010 7172 10/16/2025 2 BOOK BOOK

Powered by Koha